Library Banner

آخر شب کے ہمسفر (Record no. 70144)

MARC details
000 -LEADER
fixed length control field 00387nam a22001457a 4500
005 - DATE AND TIME OF LATEST TRANSACTION
control field 20150422094452.0
008 - FIXED-LENGTH DATA ELEMENTS--GENERAL INFORMATION
fixed length control field 150422b xxu||||| |||| 00| 0 eng d
040 ## - CATALOGING SOURCE
Transcribing agency PK-LaUMT
082 ## - DEWEY DECIMAL CLASSIFICATION NUMBER
Classification number KHC 891.4393
Item number QUR-A
100 ## - MAIN ENTRY--PERSONAL NAME
Personal name قرۃ العین حیدر
245 ## - TITLE STATEMENT
Title آخر شب کے ہمسفر
Statement of responsibility, etc قرۃ العین حیدر
260 ## - PUBLICATION, DISTRIBUTION, ETC. (IMPRINT)
Place of publication, distribution, etc [ ]
Name of publisher, distributor, etc [ ]
Date of publication, distribution, etc [N.D]
300 ## - PHYSICAL DESCRIPTION
Extent 394 ص
942 ## - ADDED ENTRY ELEMENTS (KOHA)
Koha item type Books
Holdings
Withdrawn status Lost status Damaged status Home library Current library Date acquired Full call number Barcode Date last seen Price effective from Koha item type
      UMT Main Campus UMT Main Campus 2015-04-22 KHC 891.4393 QUR-A 70647 2016-01-05 2015-04-22 Books